000 01080cam a2200193 4500
001 WB3833-05
008 020911n2002 000 0 eng u
035 _a(Sirsi) u119665
245 _aSmall construction firms safety seminars
260 _c2002
490 _aHSE News Release
_v(E174:02) 10September 2002 (2)
520 _aSmall contractors and self-employed people in the construction industry must put health and safety at the top of the agenda. This theme is central to a series of seminars launched by the Working Well Together (WWT) partnership made up of employers, suppliers, safety professionals and the Health and Safety Executive (HSE). Provisional figures for 2001/2002 show 79 fatalities in the industry with falls from height being the most common cause. http://213.38.88.195/coi/coipress.nsf/567e3dc25f61661580256ae8003b4907/3a81e06d4972feef80256c300050869e?OpenDocument
590 _aWB
650 _aHEALTH AND SAFETY
_96244
650 _aCONSTRUCTION INDUSTRY
650 _aSITE SAFETY
690 _aBUILT ENVIRONMENT-BUILDING STANDARDS
942 _n0
999 _c71137
_d71137